|
|
|
|
| LEADER |
00000nam0a2200000 4500 |
| 001 |
168674 |
| 005 |
20231101222756.0 |
| 010 |
|
|
|a 9785732509205
|
| 035 |
|
|
|a (RuTPU)RU\TPU\book\182992
|
| 090 |
|
|
|a 168674
|
| 100 |
|
|
|a 20091030d2009 m y0rusy50 ca
|
| 101 |
0 |
|
|a rus
|
| 102 |
|
|
|a RU
|
| 105 |
|
|
|a a j 001zy
|
| 200 |
1 |
|
|a Логистика. Планирование и управление материальными потоками
|e учебное пособие
|f Ю. И. Палагин
|
| 210 |
|
|
|a СПб.
|c Политехника
|d 2009
|
| 215 |
|
|
|a 286 с.
|c ил.
|
| 225 |
1 |
|
|a Учебное пособие для вузов
|
| 320 |
|
|
|a Библиогр.: с. 280-283.
|
| 330 |
|
|
|a В книге рассмотрены задачи управления материальными потоками на различных уровнях производственной деятельности транспортных предприятий, промышленных и торговых фирм. Дано описание информационных потоков и единых компьютерно-интегрированных технологий управления материальными потоками в логистических системах. Рассмотрены задачи оптимального планирования (маршрутизации) перевозок в логистических системах, алгоритмы их решения, построенные на многошаговых процессах оптимизации. Дано совместное решение задач маршрутизации рейсов и распределения транспортных средств по рейсам.
|
| 606 |
1 |
|
|a Логистика
|x Логистические стратегии
|2 stltpush
|3 (RuTPU)RU\TPU\subj\36364
|9 57772
|
| 610 |
1 |
|
|a логистические системы
|
| 610 |
1 |
|
|a управление запасами
|
| 610 |
1 |
|
|a материальные потоки
|
| 610 |
1 |
|
|a оптово-распределительные системы
|
| 610 |
1 |
|
|a поставка товаров
|
| 610 |
1 |
|
|a дистрибьютерские сети
|
| 610 |
1 |
|
|a грузопотоки
|
| 610 |
1 |
|
|a производственная логистика
|
| 610 |
1 |
|
|a промышленные фирмы
|
| 610 |
1 |
|
|a распределительные системы
|
| 610 |
1 |
|
|a транспортная логистика
|
| 610 |
1 |
|
|a перевозки
|
| 610 |
1 |
|
|a маршрутизация
|
| 610 |
1 |
|
|a планирование
|
| 610 |
1 |
|
|a управление поставками
|
| 610 |
1 |
|
|a авиакомпании
|
| 610 |
1 |
|
|a воздушный транспорт
|
| 610 |
1 |
|
|a складские помещения
|
| 610 |
1 |
|
|a учебные пособия
|
| 686 |
|
|
|a У9(2)40я73
|v LBC/SL-A
|2 rubbk
|
| 700 |
|
1 |
|a Палагин
|b Ю. И.
|g Юрий Иванович
|
| 801 |
|
1 |
|a RU
|b 63413507
|c 20091030
|
| 801 |
|
2 |
|a RU
|b 63413507
|c 20160115
|g RCR
|
| 900 |
|
|
|a Логистика
|
| 942 |
|
|
|c BK
|
| 951 |
|
|
|b 160505
|b 160501
|b 160503
|
| 959 |
|
|
|a 112/20091029
|d 2
|e 495,00
|f ЧЗГЛ:1
|f АНЛ:1
|